000 00340nam a2200133Ia 4500
008 231129s1967||||xx |||||||||||||| ||spa||
040 _bspa
082 _a248.4 G585L
100 _aGodin Henri
245 0 _aLevadura en la masa : Manual de vida cristiana para nuestros dias
260 _c1967
264 _aNova Terra
942 _2ddc
_cBKS
999 _c19158
_d19158